| 000 | 00656cam a2200241 4500 | ||
|---|---|---|---|
| 001 | D9972 | ||
| 008 | 090401t1982 xxu||||| |||| 00| 0 eng d | ||
| 035 | _a(Sirsi) u23683 | ||
| 041 | _aeng | ||
| 050 |
_a692.8 _c18 |
||
| 100 | _aWood, R.D. | ||
| 245 | _aBuilders` claims under the JCT (1963) form of contract | ||
| 250 | _a2nd rev. ed. | ||
| 260 |
_aAscot _bChartered Institute of Building _c1982 |
||
| 300 |
_a48p. _c30cm |
||
| 350 | _a4.40 | ||
| 490 |
_aIOB Studies in Contractual Claims _v3 |
||
| 650 | _aCONTRACTORS' CLAIMS | ||
| 650 | _aJCT 1963 | ||
| 690 | _aBUILT ENVIRONMENT-BUILDING CONTRACT FORMS | ||
| 942 | _n0 | ||
| 948 | _c04/03/1997 | ||
| 999 |
_c88433 _d88433 |
||